| 000 | 00673cam a22002411 4500 | ||
|---|---|---|---|
| 001 | sg 46000090 | ||
| 003 | DLC | ||
| 005 | 20260227112748.0 | ||
| 008 | 820128s1946 xx a 000 0 eng | ||
| 010 | _asg 46000090 | ||
| 035 | _a(OCoLC)14725139 | ||
| 040 |
_aDLC _cDNLM _dFM _dDLC |
||
| 042 | _apremarc | ||
| 050 | 0 | 0 |
_aRT61 _b.B7 |
| 060 | 0 |
_aWY 195 _bB854h 1946 |
|
| 082 | _aRT61.B7 | ||
| 100 | 1 | _aBriggs, Susan Lennox. | |
| 245 | 1 | 0 |
_aHome nursing with confidence _c[by] Susan Lennox Briggs, R. N. |
| 260 |
_aNew York, _bC. R. Heck, inc. _c[c1946] |
||
| 300 |
_a6 p. l., 130 p. _bill. |
||
| 490 | 0 | _a[The Garland homemaking books] | |
| 650 | 0 | _aNurses and nursing. | |
| 999 |
_c90729 _d90729 |
||